[Event "ODJM B 2018"]
[Site "Willingen GER"]
[Date "2018.05.25"]
[Round "8"]
[White "Fromm, Johannes"]
[Black "Hoppe, Nico"]
[Result "0-1"]
[Termination "normal"]
[Board "21"]
[WhiteElo "1705"]
[BlackElo "1612"]
[PlyCount "58"]
[WhiteFideId "12993204"]
[BlackFideId "16225520"]
[EventCountry "GER"]
[EventRounds "9"]
[EventType "swiss"]
[EventDate "2018.05.19"]

1. Nf3 Nf6 2. g3 g6 3. b3 Bg7 4. Bb2 b6 5. Bg2 Bb7 6. O-O O-O 7. d4 d5 8. c4
Nbd7 9. cxd5 Nxd5 10. Re1 c5 11. Na3 Rc8 12. Nc4 b5 13. Nce5 N5b6 14. Rc1 Nxe5
15. dxe5 Qc7 16. Ba3 c4 17. Qd4 Rfd8 18. Qh4 e6 19. Bd6 Qc6 20. Kh1 Qe4 21. Qh3
Rd7 22. Rg1 Qxe2 23. Ng5 Bxg2+ 24. Rxg2 h6 25. f4 Qe3 26. Nxe6 Qxc1+ 27. Rg1
Qd2 28. Nxg7 Kxg7 29. Qh4 Rxd6 0-1

[Event "ODJM B 2018"]
[Site "Willingen GER"]
[Date "2018.05.25"]
[Round "8"]
[White "Straßburg, Robin Leonard"]
[Black "Lilienthal, Niels Bennett"]
[Result "1/2-1/2"]
[Termination "normal"]
[Board "22"]
[WhiteElo "1732"]
[BlackElo "1723"]
[PlyCount "41"]
[WhiteFideId "16210018"]
[BlackFideId "16205421"]
[EventCountry "GER"]
[EventRounds "9"]
[EventType "swiss"]
[EventDate "2018.05.19"]

1. e4 d5 2. exd5 Nf6 3. Nc3 Nxd5 4. Bc4 e6 5. d4 Be7 6. Nf3 Nc6 7. O-O O-O 8.
Bd3 a6 9. Nxd5 exd5 10. c3 Bg4 11. h3 Bh5 12. Bf4 Bg6 13. Ne5 Nxe5 14. Bxe5 c6
15. Qc2 Bxd3 16. Qxd3 Bd6 17. Bxd6 Qxd6 18. Rfe1 Rfe8 19. Re3 Re6 20. Rae1 Rae8
21. g3 1/2-1/2

[Event "ODJM B 2018"]
[Site "Willingen GER"]
[Date "2018.05.25"]
[Round "8"]
[White "Kublanov, Carolin"]
[Black "Noever, Niklas"]
[Result "0-1"]
[Termination "normal"]
[Board "23"]
[WhiteElo "1750"]
[BlackElo "1707"]
[PlyCount "58"]
[WhiteFideId "12944548"]
[BlackFideId "12988642"]
[EventCountry "GER"]
[EventRounds "9"]
[EventType "swiss"]
[EventDate "2018.05.19"]

1. e4 c5 2. Nf3 Nc6 3. d4 cxd4 4. Nxd4 Nf6 5. Nc3 d6 6. Be2 Nxd4 7. Qxd4 g6 8.
Bg5 Bg7 9. O-O-O O-O 10. Qe3 Qa5 11. Kb1 Be6 12. h3 Rfc8 13. a3 Rc7 14. Bxf6
Bxf6 15. Nd5 Bxd5 16. Rxd5 Qa4 17. Bd3 Rac8 18. Qd2 Rc5 19. Rxc5 Rxc5 20. Rd1
a5 21. Qc1 b5 22. Ka2 b4 23. b3 Qc6 24. a4 Rc3 25. f3 h6 26. Qd2 Qxa4+ 27. Kb1
Rxb3+ 28. cxb3 Qa1+ 29. Kc2 Qb2# 0-1

[Event "ODJM B 2018"]
[Site "Willingen GER"]
[Date "2018.05.25"]
[Round "8"]
[White "Stülcken, Philipp"]
[Black "Laag, Pascal"]
[Result "1/2-1/2"]
[Termination "normal"]
[Board "24"]
[WhiteElo "1399"]
[BlackElo "1743"]
[PlyCount "58"]
[WhiteFideId "12986232"]
[BlackFideId "16256069"]
[EventCountry "GER"]
[EventRounds "9"]
[EventType "swiss"]
[EventDate "2018.05.19"]

1. e4 c5 2. Nf3 Nc6 3. d4 cxd4 4. Nxd4 Nf6 5. Nc3 g6 6. f4 d6 7. Bb5 Bd7 8.
Nxc6 Bxc6 9. Bxc6+ bxc6 10. Be3 Bg7 11. Qf3 Qd7 12. h3 Rb8 13. Rb1 O-O 14. O-O
Rb7 15. b3 Ng4 16. Bd2 Bd4+ 17. Kh1 Ne3 18. Bxe3 Bxc3 19. a4 Bg7 20. Rbd1 f5
21. e5 d5 22. Bc5 Rfb8 23. Rfe1 e6 24. g3 Bf8 25. Qe3 Be7 26. Kh2 Kf7 27. Kg2
Qc7 28. Qc3 Rd8 29. Rd3 Bxc5 1/2-1/2

[Event "ODJM B 2018"]
[Site "Willingen GER"]
[Date "2018.05.25"]
[Round "8"]
[White "Celik, Cem"]
[Black "Poggemann, Alexander"]
[Result "1/2-1/2"]
[Termination "normal"]
[Board "25"]
[WhiteElo "1800"]
[BlackElo "1519"]
[PlyCount "41"]
[WhiteFideId "16206673"]
[BlackFideId "16224167"]
[EventCountry "GER"]
[EventRounds "9"]
[EventType "swiss"]
[EventDate "2018.05.19"]

1. e4 e5 2. f4 exf4 3. Nf3 Nc6 4. Bc4 g5 5. O-O d6 6. d4 Bg4 7. c3 Bg7 8. Qb3
Qd7 9. Nxg5 Bh5 10. Qxb7 Rb8 11. Qa6 h6 12. Nf3 Nge7 13. Bxf4 Bxf3 14. Rxf3
Nxd4 15. Rf1 Nc2 16. Bxf7+ Kxf7 17. Bxd6+ Ke8 18. Bxe7 Kxe7 19. Qg6 Kd8 20. Rf7
Qd1+ 21. Rf1 1/2-1/2

[Event "ODJM B 2018"]
[Site "Willingen GER"]
[Date "2018.05.25"]
[Round "8"]
[White "Matthes, Benjamin"]
[Black "Kögel, Josef"]
[Result "1-0"]
[Termination "normal"]
[Board "26"]
[WhiteElo "1829"]
[BlackElo "1527"]
[PlyCount "35"]
[WhiteFideId "16227298"]
[BlackFideId "16237641"]
[EventCountry "GER"]
[EventRounds "9"]
[EventType "swiss"]
[EventDate "2018.05.19"]

1. Nf3 Nf6 2. g3 b5 3. Bg2 Bb7 4. a4 b4 5. c4 c5 6. O-O Nc6 7. d4 e6 8. d5 exd5
9. cxd5 Ne7 10. d6 Nf5 11. e4 Nxe4 12. Re1 Nfxd6 13. Ng5 f5 14. f3 Be7 15. fxe4
Bxg5 16. exf5+ Be7 17. Qxd6 Bxg2 18. Kxg2 1-0

[Event "ODJM B 2018"]
[Site "Willingen GER"]
[Date "2018.05.25"]
[Round "8"]
[White "Rothenberg, Nina"]
[Black "Raasch, Hauke"]
[Result "1-0"]
[Termination "normal"]
[Board "27"]
[WhiteElo "1678"]
[BlackElo "1555"]
[PlyCount "107"]
[WhiteFideId "16208943"]
[BlackFideId "16210034"]
[EventCountry "GER"]
[EventRounds "9"]
[EventType "swiss"]
[EventDate "2018.05.19"]

1. e4 d5 2. exd5 Qxd5 3. Nc3 Qd6 4. d4 c6 5. Nf3 Nf6 6. g3 Bg4 7. Bg2 e6 8. O-O
Qc7 9. Re1 Bb4 10. a3 Be7 11. h3 Bh5 12. Ne2 Nbd7 13. b4 O-O 14. Nf4 Bxf3 15.
Qxf3 Nd5 16. Nd3 Rad8 17. Ne5 Bd6 18. Bb2 Be7 19. Qb3 a6 20. Rad1 Nxe5 21. dxe5
Nb6 22. Rxd8 Rxd8 23. Be4 Nd7 24. Qf3 Nf8 25. Bd3 Ng6 26. Kg2 Rd5 27. Qe4 Rd8
28. h4 Qd7 29. h5 Nf8 30. Qg4 Qd5+ 31. Kg1 a5 32. h6 g6 33. Bc1 axb4 34. Bg5
Qd7 35. axb4 Qe8 36. Qh4 Rd7 37. Bxe7 Qxe7 38. Qxe7 Rxe7 39. Ra1 Re8 40. Ra7
Rb8 41. b5 c5 42. Be4 b6 43. Kf1 g5 44. Ke2 Ng6 45. Bxg6 hxg6 46. Ke3 Kh7 47.
Rxf7+ Kxh6 48. Re7 Kh5 49. f3 Kh6 50. Rxe6 Kg7 51. Ke4 Kf7 52. Rd6 Kg7 53. Rd7+
Kh6 54. e6 1-0

[Event "ODJM B 2018"]
[Site "Willingen GER"]
[Date "2018.05.25"]
[Round "8"]
[White "Schmidt, Pauline"]
[Black "Plum, Paul"]
[Result "0-1"]
[Termination "normal"]
[Board "29"]
[WhiteElo "1311"]
[BlackElo "1601"]
[PlyCount "40"]
[WhiteFideId "16209850"]
[BlackFideId "16225678"]
[EventCountry "GER"]
[EventRounds "9"]
[EventType "swiss"]
[EventDate "2018.05.19"]

1. e4 c5 2. Nc3 g6 3. Nge2 Nc6 4. g3 Bg7 5. Bg2 e6 6. d3 Nge7 7. h4 h5 8. Bg5
Qc7 9. Qd2 a6 10. O-O b5 11. a3 Bb7 12. Be3 Nd4 13. Rab1 d5 14. exd5 Nxd5 15.
Bf4 Nxf4 16. Nxf4 Bxg2 17. Kxg2 Qb7+ 18. Kh3 Qf3 19. Rh1 g5 20. hxg5 h4 0-1

[Event "ODJM B 2018"]
[Site "Willingen GER"]
[Date "2018.05.25"]
[Round "8"]
[White "Zha, Kevin"]
[Black "Bock, Marlon"]
[Result "1-0"]
[Termination "normal"]
[Board "30"]
[WhiteElo "1596"]
[BlackElo "1346"]
[PlyCount "55"]
[WhiteFideId "16208951"]
[BlackFideId "16244931"]
[EventCountry "GER"]
[EventRounds "9"]
[EventType "swiss"]
[EventDate "2018.05.19"]

1. e4 d5 2. exd5 Qxd5 3. Nc3 Qa5 4. d4 Nf6 5. Bc4 c6 6. Bd2 Qc7 7. Qe2 Bf5 8.
O-O-O e6 9. Nf3 Nbd7 10. Nh4 Bg6 11. Nxg6 hxg6 12. d5 cxd5 13. Nxd5 Nxd5 14.
Bxd5 Be7 15. Bf3 O-O 16. Kb1 Rfc8 17. c3 Rab8 18. h4 b5 19. h5 b4 20. Rc1 bxc3
21. Bxc3 Qb6 22. hxg6 fxg6 23. Be4 Kf7 24. Bxg6+ Kg8 25. Rh8+ Kxh8 26. Qh5+ Kg8
27. Qh7+ Kf8 28. Bxg7# 1-0

[Event "ODJM B 2018"]
[Site "Willingen GER"]
[Date "2018.05.25"]
[Round "8"]
[White "Svane, Freja"]
[Black "Wastian, Mareike"]
[Result "0-1"]
[Termination "normal"]
[Board "31"]
[WhiteElo "1622"]
[BlackElo "1535"]
[PlyCount "76"]
[WhiteFideId "12940100"]
[BlackFideId "12947423"]
[EventCountry "GER"]
[EventRounds "9"]
[EventType "swiss"]
[EventDate "2018.05.19"]

1. d4 d5 2. Nf3 c5 3. e3 Nf6 4. b3 e6 5. Bb2 Nc6 6. a3 Be7 7. Bd3 O-O 8. Nbd2
b6 9. O-O Qc7 10. Ne5 cxd4 11. exd4 Bb7 12. f4 a5 13. Qe2 Nb8 14. g4 Ba6 15. g5
Bxd3 16. Qxd3 Nh5 17. c3 g6 18. Qf3 Qb7 19. Rfc1 Nd7 20. h4 Rfc8 21. Nf1 b5 22.
Kg2 Rc7 23. Nxd7 Rxd7 24. b4 Bd6 25. Ng3 Nxf4+ 26. Kf2 Qc7 27. Rf1 Qc4 28. Rfd1
axb4 29. axb4 Rxa1 30. Bxa1 Ra7 31. Kg1 Ra2 32. Nf1 Rg2+ 33. Kh1 Qa2 34. h5
Rxg5 35. hxg6 hxg6 36. Re1 Rh5+ 37. Kg1 Nh3+ 38. Kh1 Ng5+ 0-1

[Event "ODJM B 2018"]
[Site "Willingen GER"]
[Date "2018.05.25"]
[Round "8"]
[White "Cozzuto, Alessandro"]
[Black "Seliokaite, Ana"]
[Result "1-0"]
[Termination "normal"]
[Board "32"]
[WhiteElo "1531"]
[BlackElo "1305"]
[PlyCount "53"]
[WhiteFideId "12990744"]
[BlackFideId "16224817"]
[EventCountry "GER"]
[EventRounds "9"]
[EventType "swiss"]
[EventDate "2018.05.19"]

1. e4 c5 2. Nc3 g6 3. f4 Bg7 4. Nf3 d6 5. Bb5+ Bd7 6. Bc4 Nf6 7. O-O O-O 8. d3
Bc6 9. e5 dxe5 10. fxe5 Ng4 11. e6 f6 12. Bb3 Na6 13. Qe1 Nc7 14. Qh4 Ne5 15.
Nxe5 fxe5 16. Bg5 Qd4+ 17. Kh1 Qxh4 18. Bxh4 Bf6 19. Bg3 Kg7 20. Rae1 Rae8 21.
Kg1 b6 22. Bxe5 Bxe5 23. Rxe5 Bb7 24. Rf7+ Kg8 25. Ne4 h6 26. Nf6+ exf6 27.
Rxc7 1-0

[Event "ODJM B 2018"]
[Site "Willingen GER"]
[Date "2018.05.25"]
[Round "8"]
[White "Henzgen, Nick"]
[Black "Uhlendorff, Luca"]
[Result "0-1"]
[Termination "normal"]
[Board "33"]
[WhiteElo "1633"]
[BlackElo "1590"]
[PlyCount "48"]
[WhiteFideId "16212347"]
[BlackFideId "16221923"]
[EventCountry "GER"]
[EventRounds "9"]
[EventType "swiss"]
[EventDate "2018.05.19"]

1. d4 d5 2. Nf3 e6 3. e3 f5 4. Be2 Nf6 5. b3 Bd6 6. Bb2 Nbd7 7. c4 c6 8. Nbd2
O-O 9. Qc2 Ne4 10. Rf1 a5 11. O-O-O a4 12. bxa4 Qa5 13. Rde1 b6 14. Ne5 Nxe5
15. dxe5 Bb4 16. Nb3 Qxa4 17. Rd1 Qxa2 18. cxd5 cxd5 19. f3 Bb7 20. Nd4 Rfc8
21. fxe4 Rxc2+ 22. Nxc2 Rc8 23. exf5 Qb3 24. Bd3 Ba6 0-1

[Event "ODJM B 2018"]
[Site "Willingen GER"]
[Date "2018.05.25"]
[Round "8"]
[White "Seinsoth, Paul"]
[Black "Huppert, Anna"]
[Result "1/2-1/2"]
[Termination "normal"]
[Board "34"]
[WhiteElo "1482"]
[BlackElo "1371"]
[PlyCount "47"]
[WhiteFideId "12994634"]
[BlackFideId "16214439"]
[EventCountry "GER"]
[EventRounds "9"]
[EventType "swiss"]
[EventDate "2018.05.19"]

1. e4 e6 2. Nf3 d5 3. e5 Bd7 4. a3 c5 5. b4 f6 6. bxc5 Bxc5 7. d4 Be7 8. Bd3
Nc6 9. c3 fxe5 10. Nxe5 Nf6 11. O-O Qc7 12. f4 O-O 13. Rf3 Ne4 14. Rh3 Be8 15.
Qc2 Nxe5 16. Bxe4 dxe4 17. fxe5 Bg6 18. Be3 Rac8 19. Qe2 Rf7 20. Bc1 Rcf8 21.
Nd2 Bf5 22. g4 Bg6 23. Bb2 Rf4 24. Rf1 1/2-1/2

[Event "ODJM B 2018"]
[Site "Willingen GER"]
[Date "2018.05.25"]
[Round "8"]
[White "König, Dominik"]
[Black "Reyher, Susan"]
[Result "0-1"]
[Termination "normal"]
[Board "35"]
[WhiteElo "1296"]
[BlackElo "1759"]
[PlyCount "62"]
[WhiteFideId "16245148"]
[BlackFideId "24686107"]
[EventCountry "GER"]
[EventRounds "9"]
[EventType "swiss"]
[EventDate "2018.05.19"]

1. e4 e5 2. Nf3 Nc6 3. Bc4 Bc5 4. c3 Nf6 5. d4 exd4 6. cxd4 Bb4+ 7. Nc3 Bxc3+
8. bxc3 Nxe4 9. Qb3 O-O 10. O-O Na5 11. Qc2 Nxc4 12. Qxe4 d5 13. Qc2 Qf6 14.
Bg5 Qf5 15. Qa4 Bd7 16. Qb4 b6 17. a4 a5 18. Qb3 h6 19. Be3 Rfe8 20. Rfe1 Re6
21. Nd2 Nxe3 22. fxe3 Rae8 23. c4 dxc4 24. Nxc4 Qd5 25. Ra2 Rc6 26. Rc2 Be6 27.
Rec1 Qe4 28. Kf2 Bd5 29. Rf1 Bxc4 30. Rxc4 Rxc4 31. Qxc4 Qxe3# 0-1

[Event "ODJM B 2018"]
[Site "Willingen GER"]
[Date "2018.05.25"]
[Round "8"]
[White "Tran, Minh Dat"]
[Black "Grob, Marvin"]
[Result "0-1"]
[Termination "normal"]
[Board "36"]
[WhiteElo "1400"]
[BlackElo "1774"]
[PlyCount "26"]
[WhiteFideId "16244702"]
[BlackFideId "16247817"]
[EventCountry "GER"]
[EventRounds "9"]
[EventType "swiss"]
[EventDate "2018.05.19"]

1. c4 e5 2. Nc3 Nc6 3. g3 f5 4. Bg2 Nf6 5. e3 d5 6. Nxd5 Nxd5 7. cxd5 Nb4 8.
Qb3 e4 9. Ne2 Nd3+ 10. Kf1 Bd6 11. Nf4 Bxf4 12. exf4 Qf6 13. Qc3 Qb6 0-1

[Event "ODJM B 2018"]
[Site "Willingen GER"]
[Date "2018.05.25"]
[Round "8"]
[White "Borgmann, Simon"]
[Black "Hoke, Joshua Sky"]
[Result "1/2-1/2"]
[Termination "normal"]
[Board "37"]
[WhiteElo "1614"]
[BlackElo "1620"]
[PlyCount "72"]
[WhiteFideId "16234677"]
[BlackFideId "16218272"]
[EventCountry "GER"]
[EventRounds "9"]
[EventType "swiss"]
[EventDate "2018.05.19"]

1. d4 d5 2. Nf3 Nf6 3. e3 e6 4. Bd3 c5 5. b3 Nc6 6. Bb2 Bd6 7. O-O Qc7 8. Nbd2
O-O 9. c4 cxd4 10. exd4 b6 11. Qe2 Bb7 12. Ne5 Qe7 13. Ndf3 Nd7 14. Nxd7 Qxd7
15. cxd5 exd5 16. Qd2 Rfe8 17. Rfe1 h6 18. Rxe8+ Rxe8 19. Re1 Re6 20. Rxe6 Qxe6
21. Qe1 Qxe1+ 22. Nxe1 Nb4 23. Bb1 Ba6 24. g3 Nc6 25. f3 f6 26. Kf2 Kf7 27. Ke3
Ke6 28. Nd3 g5 29. Nc1 f5 30. f4 gxf4+ 31. gxf4 Ne7 32. Bd3 Bxd3 33. Nxd3 Ng6
34. Kf3 h5 35. Bc1 a6 36. Bd2 a5 1/2-1/2

[Event "ODJM B 2018"]
[Site "Willingen GER"]
[Date "2018.05.25"]
[Round "8"]
[White "Riegler, Moritz"]
[Black "Maul, Maik"]
[Result "0-1"]
[Termination "normal"]
[Board "38"]
[WhiteElo "1606"]
[BlackElo "1443"]
[PlyCount "74"]
[WhiteFideId "16266030"]
[BlackFideId "16204816"]
[EventCountry "GER"]
[EventRounds "9"]
[EventType "swiss"]
[EventDate "2018.05.19"]

1. g3 d5 2. Bg2 e5 3. d3 Be6 4. Nd2 Qd7 5. c4 Ne7 6. Ngf3 f6 7. cxd5 Nxd5 8.
Ne4 Nc6 9. Nc3 O-O-O 10. Bd2 Be7 11. a3 g5 12. h4 g4 13. Nh2 Nd4 14. Nxd5 Bxd5
15. Bxd5 Qxd5 16. e4 Qb5 17. Qxg4+ Kb8 18. O-O Qxb2 19. Be3 Ne2+ 20. Kh1 Rxd3
21. Rfb1 Qc2 22. Qg7 Re8 23. Qxh7 Nxg3+ 24. fxg3 Rxe3 25. Nf1 Qxe4+ 26. Qxe4
Rxe4 27. Kg2 Rd8 28. Rb3 Bc5 29. Kf3 Red4 30. Rb5 Rd3+ 31. Ke2 Rxa3 32. Rab1
Bb6 33. h5 Rh8 34. g4 Ra4 35. g5 Rxh5 36. gxf6 Rf5 37. Rd5 Re4+ 0-1

[Event "ODJM B 2018"]
[Site "Willingen GER"]
[Date "2018.05.25"]
[Round "8"]
[White "Hungeling, David"]
[Black "Zell, Hannah"]
[Result "1/2-1/2"]
[Termination "normal"]
[Board "39"]
[WhiteElo "1442"]
[BlackElo "1547"]
[PlyCount "41"]
[WhiteFideId "16222440"]
[BlackFideId "16208900"]
[EventCountry "GER"]
[EventRounds "9"]
[EventType "swiss"]
[EventDate "2018.05.19"]

1. e4 e5 2. Nf3 Nc6 3. Bb5 g6 4. O-O Bg7 5. c3 d6 6. h3 Bd7 7. d4 exd4 8. cxd4
Nge7 9. Nc3 O-O 10. Bg5 h6 11. Be3 Re8 12. Qd2 Kh7 13. Bc4 Rf8 14. Ne2 Qe8 15.
Ng3 f5 16. exf5 Nxf5 17. Nxf5 Bxf5 18. Rae1 Qd7 19. Nh4 d5 20. Bd3 Bxd3 21.
Qxd3 1/2-1/2

[Event "ODJM B 2018"]
[Site "Willingen GER"]
[Date "2018.05.25"]
[Round "8"]
[White "Mainka, Alwin"]
[Black "Rösch, Felix"]
[Result "1-0"]
[Termination "normal"]
[Board "40"]
[WhiteElo "1608"]
[BlackElo "1487"]
[PlyCount "47"]
[WhiteFideId "16241177"]
[BlackFideId "12972363"]
[EventCountry "GER"]
[EventRounds "9"]
[EventType "swiss"]
[EventDate "2018.05.19"]

1. e4 e5 2. Nf3 Nc6 3. Bb5 a6 4. Ba4 Nf6 5. O-O b5 6. Bb3 Be7 7. Re1 O-O 8. d3
d6 9. c3 Bg4 10. Nbd2 Re8 11. Nf1 Bf8 12. h3 Bh5 13. Ng3 h6 14. Nxh5 Nxh5 15.
Nh2 Nf6 16. Qf3 Na5 17. Bc2 d5 18. Ng4 Nxg4 19. Qxg4 g6 20. b4 Nb7 21. Bb3 dxe4
22. Qxg6+ Kh8 23. Bxf7 Re7 24. Qg8# 1-0

[Event "ODJM B 2018"]
[Site "Willingen GER"]
[Date "2018.05.25"]
[Round "8"]
[White "Brunner, Alexander"]
[Black "Wichert, Eddi"]
[Result "0-1"]
[Termination "normal"]
[Board "41"]
[WhiteElo "1596"]
[BlackElo "1599"]
[PlyCount "26"]
[WhiteFideId "12965278"]
[BlackFideId "16266048"]
[EventCountry "GER"]
[EventRounds "9"]
[EventType "swiss"]
[EventDate "2018.05.19"]

1. e4 c5 2. Nc3 g6 3. d3 Bg7 4. Bg5 Nc6 5. Qd2 d6 6. O-O-O Nf6 7. Bh6 O-O 8. h4
d5 9. f3 Be6 10. h5 dxe4 11. Nxe4 Nxe4 12. fxe4 Qd4 13. Nf3 Qxb2# 0-1

[Event "ODJM B 2018"]
[Site "Willingen GER"]
[Date "2018.05.25"]
[Round "8"]
[White "Kublanov, Elizabeth"]
[Black "Ewerhardy, Moritz"]
[Result "1-0"]
[Termination "normal"]
[Board "42"]
[WhiteElo "1579"]
[BlackElo "1348"]
[PlyCount "49"]
[WhiteFideId "12944564"]
[BlackFideId "36052086"]
[EventCountry "GER"]
[EventRounds "9"]
[EventType "swiss"]
[EventDate "2018.05.19"]

1. d4 Nf6 2. Nf3 g6 3. b3 Bg7 4. Bb2 O-O 5. e3 d6 6. Bd3 Qe8 7. O-O Nbd7 8.
Nbd2 e5 9. dxe5 dxe5 10. e4 Kh8 11. Nc4 Ng8 12. Nfd2 f5 13. exf5 gxf5 14. Be2
Ngf6 15. Nf3 Ne4 16. Re1 b5 17. Qd5 Rb8 18. Ncxe5 Nxe5 19. Bxe5 Nf6 20. Qc5 Rb7
21. Bd3 Qd7 22. Rad1 Qd5 23. Qxf8+ Bxf8 24. Bxf6+ Kg8 25. Bc4 1-0

[Event "ODJM B 2018"]
[Site "Willingen GER"]
[Date "2018.05.25"]
[Round "8"]
[White "Weber, Tom"]
[Black "von der Weyden, Louis"]
[Result "0-1"]
[Termination "normal"]
[Board "43"]
[WhiteElo "1433"]
[BlackElo "1504"]
[PlyCount "48"]
[WhiteFideId "16266064"]
[BlackFideId "16207050"]
[EventCountry "GER"]
[EventRounds "9"]
[EventType "swiss"]
[EventDate "2018.05.19"]

1. e4 e5 2. Nf3 Nf6 3. Bc4 Nc6 4. Ng5 d5 5. exd5 Nxd5 6. Nxf7 Kxf7 7. Qf3+ Ke6
8. Nc3 Nce7 9. O-O c6 10. d4 g6 11. Re1 Bg7 12. dxe5 Rf8 13. Bf4 Kf7 14. Ne4
Kg8 15. Ng5 h6 16. Qg3 Nf5 17. Qb3 hxg5 18. Rad1 Qe7 19. Be3 Nfxe3 20. fxe3 Be6
21. e4 Nc7 22. Rd6 Rfe8 23. Red1 Qf7 24. R1d2 Bxc4 0-1

[Event "ODJM B 2018"]
[Site "Willingen GER"]
[Date "2018.05.25"]
[Round "8"]
[White "Götz, Timon"]
[Black "Johlke, Lukas"]
[Result "1/2-1/2"]
[Termination "normal"]
[Board "45"]
[WhiteElo "1413"]
[BlackElo "1529"]
[PlyCount "139"]
[WhiteFideId "16245040"]
[BlackFideId "16252861"]
[EventCountry "GER"]
[EventRounds "9"]
[EventType "swiss"]
[EventDate "2018.05.19"]

1. c4 e5 2. Nf3 Nc6 3. e3 Nf6 4. d3 b6 5. a3 a5 6. b3 Bb7 7. Nbd2 Be7 8. Bb2 d6
9. Be2 O-O 10. Qc2 Qd7 11. O-O Nd8 12. Rac1 Ne6 13. Qb1 Rac8 14. Bd1 Rfd8 15.
Bc2 Qc6 16. d4 exd4 17. exd4 d5 18. Ne5 Qe8 19. Rfd1 dxc4 20. Ndxc4 Nf4 21. Ne3
Ne2+ 22. Kh1 Nxc1 23. Qxc1 Ne4 24. Kg1 f6 25. Nf3 Qh5 26. d5 Nd6 27. Rd4 f5 28.
Rf4 Rf8 29. Nd4 Bg5 30. g4 fxg4 31. Rxg4 Qxg4+ 32. Nxg4 Bxc1 33. Bxc1 Bxd5 34.
Ne3 Be4 35. Ne6 Rfe8 36. Bxe4 Nxe4 37. Nf4 Nc5 38. b4 axb4 39. axb4 Nb3 40. Bb2
c6 41. Nf5 Re1+ 42. Kg2 Rf8 43. Nd3 Rd1 44. Ne7+ Kf7 45. Nxc6 Rd2 46. Nde5+ Kg8
47. Bc3 Rfxf2+ 48. Kg3 Rg2+ 49. Kf4 g5+ 50. Ke3 Rde2+ 51. Kd3 Nc1+ 52. Kc4 Rxh2
53. Kb5 Rc2 54. Bd4 Rhd2 55. Be3 Rd5+ 56. Kxb6 Rd1 57. b5 Nd3 58. Nd7 g4 59.
Nf6+ Kf7 60. Nxg4 h5 61. Nh6+ Kg6 62. Ne7+ Kf6 63. Nd5+ Ke6 64. Nc7+ Kd7 65.
Na6 Ne5 66. Kb7 h4 67. Bf4 Nc4 68. Nb8+ Ke8 69. Nc6 Rb1 70. Na7 1/2-1/2

[Event "ODJM B 2018"]
[Site "Willingen GER"]
[Date "2018.05.25"]
[Round "8"]
[White "Eulitz, Charlotte"]
[Black "Lange, Malina"]
[Result "1/2-1/2"]
[Termination "normal"]
[Board "46"]
[WhiteElo "1547"]
[BlackElo "1531"]
[PlyCount "134"]
[WhiteFideId "12964654"]
[BlackFideId "16228952"]
[EventCountry "GER"]
[EventRounds "9"]
[EventType "swiss"]
[EventDate "2018.05.19"]

1. e4 e5 2. Nf3 Nc6 3. Bc4 Bc5 4. c3 Nf6 5. d4 exd4 6. e5 d5 7. Bb5 Ne4 8. cxd4
Bb4+ 9. Bd2 Bxd2+ 10. Nbxd2 Nxd2 11. Qxd2 Bd7 12. Be2 O-O 13. O-O f6 14. Rac1
Qe7 15. Qc3 Rae8 16. Qb3 fxe5 17. dxe5 Nxe5 18. Qxd5+ Kh8 19. Rxc7 Rf5 20. Nxe5
Rxe5 21. Qxd7 Rxe2 22. Rxb7 Re1 23. Qxe7 R8xe7 24. Rb8+ Re8 25. Rxe1 Rxb8 26.
Re7 h6 27. Rxa7 Rxb2 28. g3 Kh7 29. Kg2 Kg6 30. h3 Kf6 31. Kf3 g6 32. g4 g5 33.
Kg3 Kg6 34. Ra6+ Kg7 35. a4 Rb3+ 36. f3 Ra3 37. a5 Kh7 38. Ra7+ Kg6 39. a6 Kf6
40. Ra8 Kg7 41. a7 Kh7 42. Kf2 Kg7 43. Ke2 Kh7 44. Kd2 Kg7 45. Kc2 Kh7 46. Kb2
Ra6 47. Kb3 Kg7 {(=)} 48. Kc4 Kh7 49. Kc5 Kg7 50. Kd5 Ra1 51. Ke5 Ra5+ 52. Kd6
Ra1 53. Re8 Rxa7 54. Re7+ Rxe7 55. Kxe7 Kg6 56. Ke6 Kg7 57. Kf5 Kf7 {(=)} 58.
f4 gxf4 59. Kxf4 Kg6 60. h4 Kf6 61. g5+ hxg5+ 62. hxg5+ Kg6 63. Kg4 Kg7 {(=)}
64. Kf5 Kf7 65. g6+ Kg7 66. Kg5 Kg8 67. Kh6 Kh8 1/2-1/2

[Event "ODJM B 2018"]
[Site "Willingen GER"]
[Date "2018.05.25"]
[Round "8"]
[White "Frank, Carolin"]
[Black "Toth, Marc"]
[Result "0-1"]
[Termination "normal"]
[Board "47"]
[WhiteElo "1556"]
[BlackElo "1434"]
[PlyCount "100"]
[WhiteFideId "16207190"]
[BlackFideId "16260210"]
[EventCountry "GER"]
[EventRounds "9"]
[EventType "swiss"]
[EventDate "2018.05.19"]

1. Nf3 d5 2. g3 g6 3. Bg2 Bg7 4. d4 Nf6 5. b3 O-O 6. Bb2 b6 7. O-O Bb7 8. Nbd2
e6 9. c4 Nbd7 10. Rc1 c6 11. Qc2 Qe7 12. c5 Rfe8 13. Rfe1 e5 14. dxe5 Ng4 15.
e6 Qxe6 16. Bxg7 Kxg7 17. h3 Ngf6 18. Nd4 Qe7 19. cxb6 Nxb6 20. Nxc6 Bxc6 21.
Qxc6 Rac8 22. Qb5 Rxc1 23. Rxc1 Qxe2 24. Qxe2 Rxe2 25. Rd1 Nbd7 26. Bf3 Re6 27.
Nb1 Rd6 28. Nc3 Nb6 29. Nb5 Rd7 30. Rc1 Kf8 31. Rc6 Ke7 32. a4 Rb7 33. a5 Nbd7
34. Nc3 Ne5 35. Nxd5+ Nxd5 36. Bxd5 Nxc6 37. Bxc6 Rxb3 38. a6 Kd6 39. Be8 Ke7
40. Bc6 Rb6 41. Bb7 Kd6 42. Kg2 Kc7 43. Kf3 Rxb7 44. axb7 Kxb7 45. Ke3 Kc6 46.
Kd4 a5 47. Kc4 f5 48. f3 a4 49. Kb4 Kd5 50. f4 Ke4 0-1

[Event "ODJM B 2018"]
[Site "Willingen GER"]
[Date "2018.05.25"]
[Round "8"]
[White "Schelhorn, Paul"]
[Black "Johlke, Lorenz"]
[Result "1/2-1/2"]
[Termination "normal"]
[Board "48"]
[WhiteElo "1759"]
[BlackElo "1456"]
[PlyCount "150"]
[WhiteFideId "12964077"]
[BlackFideId "16252853"]
[EventCountry "GER"]
[EventRounds "9"]
[EventType "swiss"]
[EventDate "2018.05.19"]

1. d4 d5 2. c4 dxc4 3. Nf3 Nf6 4. Nc3 Bg4 5. Ne5 Nbd7 6. Nxg4 Nxg4 7. e4 Ngf6
8. Bxc4 Nb6 9. Be2 e6 10. O-O Be7 11. Be3 O-O 12. Qc2 Qc8 13. Bd3 h6 14. Qe2 c5
15. Bc2 Rd8 16. e5 Nfd5 17. Qd3 f5 18. exf6 Nxf6 19. Qg6 Kf8 20. dxc5 Nbd5 21.
Nxd5 Rxd5 22. Bb3 Rh5 23. Rac1 Qc7 24. g3 Qe5 25. Bf4 Qf5 26. Qxf5 Rxf5 27.
Bxe6 Rxc5 28. Bh3 Rxc1 29. Rxc1 Nd5 30. Bd2 Nb4 31. Bxb4 Bxb4 32. Bg2 Bd6 33.
Bxb7 Rb8 34. Rc8+ Rxc8 35. Bxc8 Be5 36. b3 Bd6 37. Kg2 Ke7 38. Ba6 Kf6 39. Kf3
g5 40. Kg4 Kg6 41. Bd3+ Kf6 42. h4 Bc5 43. f4 gxf4 44. Kxf4 Bd6+ 45. Kg4 h5+
46. Kxh5 Bxg3 47. Kg4 Be1 48. h5 Bd2 49. Kf3 Ke5 50. Ke2 Bg5 51. a4 Kd4 52. Bc4
Ke4 53. Bf7 a5 54. Bg6+ Kd4 55. Kf3 Ke5 56. Kg3 Bd2 57. Kf2 Bg5 58. Kg3 Bd2 59.
Kf3 Bg5 60. Kg4 Bd2 61. Kf3 Bg5 62. Be4 Bc1 63. b4 Bg5 64. h6 Bxh6 65. b5 Bf8
66. b6 Bd6 67. Ba8 Kd4 68. Be4 Kc5 69. b7 Kb6 70. Ke3 Ka7 71. Kd4 Kb8 72. Kc4
Bb4 73. Kb5 Be1 74. Ka6 Bd2 75. Kb6 Be1 1/2-1/2